Statistics for Wisconsin Sport Teams

Click here to take the quiz!

General Stats

  • This quiz has been taken 75 times
  • The average score is 4 of 5

Answer Stats

SportTeam% Correct
BaseballBrewers
100%
FootballPackers
100%
BasketballBucks
98%
College TeamBadgers
94%
Ice HockeyAdmirals
52%

Score Distribution

Percentile by Number Answered

Percent of People with Each Score

Your Score History

You have not taken this quiz